| 000 | 03517nam0a22003611 4500 | ||
|---|---|---|---|
| 001 | rc\3964684 | ||
| 005 | 20260406121745.0 | ||
| 021 |
_aRU _b[56-13829] |
||
| 035 | _a(NLR Aleph) 007929175 | ||
| 090 |
_a8207376 _c8207376 |
||
| 100 | _a20130415d1955 |||y0rusy50 ca | ||
| 101 | 0 | _arus | |
| 102 | _aRU | ||
| 105 | _aab z ||||| | ||
| 200 | 1 |
_aНиколай Коперник _eСборник статей и материалов _eК 410-летию со дня смерти (1543-1953) _f[Отв. ред. проф. Б.В. Кукарин] _gАкад. наук СССР. Астрон. совет |
|
| 210 |
_aМосква _cИзд-во Акад. Наук СССР _d1955 |
||
| 215 |
_a112 с. _cил., карт. _d22 |
||
| 320 | _a"Науч. труды Коперника" и литература о нем, с. 91-111, и библиогр., с. 88-89 | ||
| 327 | 1 | _aСодерж.: Вступительное слово на торжеств. заседании 3 июня 1953 г. / Акад. А.Н. Несмеянов. Николай Коперник, его жизнь и творчество / Чл.-кор. АН СССР А.А. Михайлов. Эпоха Коперника / Б.Ф. Поршнев. Система Коперника и система Птолемея в свете соврем. теории тяготения / Акад. В.А. Фок. Инженерные работы Николая Коперника / Ф.Я. Нестерук. Выставка "Николай Коперник" (к 410-летию со дня смерти) / Н.Н. Дейкова | |
| 464 | 0 |
_12001#$aЭпоха Коперника _1700#1$aПоршнев$bБ.Ф. _tЭпоха Коперника _aПоршнев, Б.Ф. |
|
| 464 | 0 |
_12001#$aИнженерные работы Николая Коперника _1700#1$aНестерук$bФ.Я. _tИнженерные работы Николая Коперника _aНестерук, Ф.Я. |
|
| 464 | 0 |
_12001#$aВыставка "Николай Коперник" (к 410-летию со дня смерти) _1700#1$aДейкова$bН.Н. _tВыставка "Николай Коперник" (к 410-летию со дня смерти) _aДейкова, Н.Н. |
|
| 464 | 0 |
_12001#$aВступительное слово на торжественном заседании 3 июня 1953 г.$fАкад. А.Н. Несмеянов _1700#1$aНесмеянов$bА.Н. _tВступительное слово на торжественном заседании 3 июня 1953 г. _aНесмеянов, А.Н. |
|
| 464 | 0 |
_12001#$aСистема Коперника и система Птолемея в свете современной теории тяготения$fАкад. В.А. Фок _1700#1$aФок$bВ.А. _tСистема Коперника и система Птолемея в свете современной теории тяготения _aФок, В.А. |
|
| 464 | 0 |
_12001#$aНиколай Коперник, его жизнь и творчество$fЧл.-кор. АН СССР А.А. Михайлов _1700#1$aМихайлов$bА.А. _tНиколай Коперник, его жизнь и творчество _aМихайлов, А.А. |
|
| 702 | 1 |
_aКукаркин _bБ.В. _gБорис Васильевич _4340 |
|
| 712 | 0 | 2 |
_aАН СССР _bАстрономический совет _3RU\NLR\AUTH\8814378 _9301925 |
| 801 | 0 |
_aRU _bNLR _gpsbo |
|
| 801 | 1 |
_aRU _bELAR _2rusmarc |
|
| 852 |
_aNLR _jА02 Г-5/114 |
||
| 942 | _cBOOK | ||
| 980 | _aNB | ||